000 00754nam a2200277 a 4500
999 _c10816
_d10816
001 10816
003 BD-JhCC
005 20221011134023.0
008 190428r20062005enk j 000 1 eng
015 _aGBA616381
_2bnb
020 _a0141319135 (pbk.)
035 _a(IeDuTC)b14326021
035 _a(UkLCURL)08b14326021
038 _aUk
040 _aStDuBDS
_cBD-JhCC
_dBD-JhCC
049 _lb
082 0 4 _a813.54
_222
_bRIO 2006
090 _aTCD
_bPB-252-363
100 1 _aRiordan, Rick.
245 1 0 _aPercy Jackson and the lightning thief /
_cRick Riordan.
260 _aLondon :
_bPuffin,
_c2006.
300 _a374 p. ;
_c20 cm.
500 _aOriginally published: 2005.
650 0 _aGods, Greek
_vJuvenile fiction.
942 _2ddc
_cBK
_026